000 00637nam a2200241Ia 4500
003 OSt
005 20220912151341.0
006 a|||||r|||| 00| 0
007 ta
008 220909b |||||||| |||| 00| 0 eng d
024 _a34510
037 _cTextual
040 _aCSL
_beng
_cCSL
041 _aeng
082 _aL9D, L4
100 _aKimmel Douglas C
245 0 _aAdulthood and aging: an interdisciplinary developmental view
260 _aNew York
_b John Wiley
_c1974
300 _aix, 484p.
_ccm.
650 _aAdolescent
942 _hL9D, L4
_cTEXL
_2CC
999 _c66684
_d66684